| 000 | 00371nam a2200133Ia 4500 | ||
|---|---|---|---|
| 008 | 210430s9999 xx 000 0 und d | ||
| 020 | _a81-309-0158-7 | ||
| 082 | _a660.6 M9536 A | ||
| 100 |
_aS. N. Mukhopadhyan _954337 |
||
| 245 |
_aAdvanced Process Biotechnology / _cS. N. Mukhopadhyan |
||
| 260 |
_aNew Delhi _bViva Books _c2008 |
||
| 300 | _a382 p | ||
| 942 |
_cBK _2ddc |
||
| 999 |
_c564895 _d564895 |
||